Les albums les plus vendus en France par année - Statistiques

Statistiques générales
  • Ce quiz a été pris 111 fois
    32 depuis la dernière actualisation
  • Le résultat moyen est 24 sur 145
Statistiques - réponses
Année Album % Correct
Jul
80%
Damso
73%
2023 NI
60%
Ninho
57%
Maitre Gims
53%
SCH
53%
PNL
50%
SDM
43%
Werenoi
43%
2019 Destin
40%
Angèle
37%
2017 Vianney
37%
Gazo
33%
2022 Jefe
33%
Orelsan
33%
PLK
33%
Johnny Hallyday
30%
Nekfeu
30%
Stromae
30%
Christophe Maé
27%
2019 Deux frères
27%
Sexion d'Assaut
27%
Soprano
27%
Tiakola
27%
Vitaa | Slimane
27%
Black M
23%
Hamza
23%
2019 Johnny
23%
2018 Lithopédion
23%
Céline Dion
20%
Kendji Girac
20%
Les Enfoirés
20%
Louane
20%
2023 Carré
17%
2021 | 2022 Civilisation
17%
Indila
17%
Indochine
17%
2020 M.I.L.S 3
17%
Adele
13%
2019 | 2020 Brol
13%
2018 Ceinture noire
13%
2024 Chambre 140
13%
2014 | 2015 Kendji
13%
Maes
13%
M Pokora
13%
2024 Pyramide 2
13%
2021 QALF Infinity
13%
2010 | 2011 Zaz
13%
2015 25
10%
Billie Eilish
10%
Dadju
10%
Ed Sheeran
10%
2012 L'apogée
10%
2019 Les Étoiles vagabondes
10%
2023 Mélo
10%
Pierre Garnier
10%
2013 Subliminal
10%
2011 | 2012 21
7%
2024 Babel Babel
7%
Daft Punk
7%
2022 Extraterrestre
7%
2021 JVLIVS II
7%
2022 KMT
7%
2018 La fête est finie
7%
2014 Les Yeux plus gros que le monde
7%
2023 Liens du 100
7%
2016 Renaud
7%
2023 Sincèrement
7%
2015 Chambre 12
3%
Christine and the Queens
3%
2017 Divide
3%
Francis Cabrel
3%
2018 Gentleman 2.0
3%
Grand Corps Malade
3%
2024 Hit me hard and soft
3%
Kids United
3%
Les Prêtres
3%
2017 L'everest
3%
2014 Mini World
3%
2018 Mon pays, c'est l'amour
3%
2022 Multitude
3%
Nolwenn Leroy
3%
2020 VersuS
3%
Yannick Noah
3%
2021 A côté de vous
0%
2020 A l'aube revenant
0%
2011 Bretonne
0%
Bruno Mars
0%
2015 Chaleur humaine
0%
2024 Chaque seconde
0%
2011 Dans l'oeil des Enfoirés
0%
2016 Encore un soir
0%
2015 Ensemble
0%
2017 Forever United
0%
2010 Frontières
0%
2012 Génération Goldman
0%
2011 Gloria
0%
2013 La boîte à musique des Enfoirés
0%
2010 La crise de nerfs
0%
2012 Le bal des Enfoirés
0%
2020 Les derniers salopards
0%
2021 Mesdames
0%
2016 My Way
0%
2017 On a tous quelque chose de Johnny
0%
2010 On trace la route
0%
2013 | 2014 Racine carée
0%
2013 Random Acces Memories
0%
2014 Rester vivant
0%
2012 Sans attendre
0%
2010 Spiritus Dei
0%
2016 Tout le bonheur du monde
0%
2016 Un monde meilleur
0%
2013 Unorthodox Jukebox
0%
Aucun quiz correspondant
Distribution des résultats
% des personnes avec chaque résultat
Percentile par nombre de réponses
Votre historique - résultats
Vous n’avez pas pris ce quiz depuis la dernière actualisation